[Event "Irwin/Haring/Denker/Barber/Rockefeller Championships 2021"]
[Site "Crowne Plaza Cherry Hill, United States"]
[Date "????.??.??"]
[Round "3.1"]
[White "Enkhbat, Tegshsuren"]
[Black "Root, Douglas"]
[Result "1-0"]
[TimeControl "G/90;+30"]
[WhiteTitle "IM"]
[BlackTitle "IM"]
[WhiteElo "2373"]
[BlackElo "2556"]

1. d4 {[%clk 01:30:53]} {[%emt 00:07:05]} Nf6 {[%clk 01:30:52]} 2. c4 {[%clk
01:31:05]} {[%emt 00:00:59]} g6 {[%clk 01:31:18]} 3. g3 {[%clk 01:30:48]} Bg7
{[%clk 01:31:41]} 4. Bg2 {[%clk 01:30:54]} O-O {[%clk 01:32:02]} 5. Nc3 {[%clk
01:30:56]} d6 {[%clk 01:32:17]} 6. Nf3 {[%clk 01:31:07]} Bg4 {[%clk 01:32:17]}
{[%emt 00:04:01]} 7. Qb3 {[%clk 01:29:28]} Qc8 {[%clk 01:30:45]} 8. Ne5 {[%clk
01:28:17]} c6 {[%clk 01:28:40]} 9. Nxg4 {[%clk 01:28:33]} Nxg4 {[%clk
01:28:54]} 10. h3 {[%clk 01:26:10]} Nf6 {[%clk 01:29:08]} 11. O-O {[%clk
01:26:19]} e5 {[%clk 01:28:37]} 12. dxe5 {[%clk 01:23:12]} dxe5 {[%clk
01:29:00]} 13. Be3 {[%clk 01:23:29]} Rd8 {[%clk 01:24:03]} 14. Rfd1 {[%clk
01:21:15]} Rxd1+ {[%clk 01:24:07]} 15. Rxd1 {[%clk 01:21:34]} Nbd7 {[%clk
01:24:08]} 16. c5 {[%clk 01:16:27]} Nf8 {[%clk 01:20:22]} 17. Qc4 {[%clk
01:12:29]} {[%emt 00:02:06]} Qe6 {[%clk 01:11:31]} {[%emt 00:09:06]} 18. Qh4
{[%clk 01:11:11]} {[%emt 00:01:56]} Ne8 {[%clk 01:04:52]} {[%emt 00:07:13]} 19.
Qb4 {[%clk 01:09:06]} {[%emt 00:02:34]} Qe7 {[%clk 01:03:57]} {[%emt 00:01:35]}
20. Ne4 {[%clk 01:06:02]} {[%emt 00:03:12]} Ne6 {[%clk 01:03:38]} {[%emt
00:01:31]} 21. Qc4 {[%clk 00:56:13]} {[%emt 00:09:58]} Rd8 {[%clk 01:02:50]}
{[%emt 00:01:19]} 22. Rxd8 {[%clk 00:51:31]} {[%emt 00:05:19]} Qxd8 {[%clk
01:03:08]} 23. b4 {[%clk 00:50:43]} {[%emt 00:01:04]} a6 {[%clk 01:02:20]}
{[%emt 00:01:34]} 24. Qb3 {[%clk 00:48:12]} {[%emt 00:03:34]} h6 {[%clk
00:57:45]} {[%emt 00:04:13]} 25. a4 {[%clk 00:46:24]} {[%emt 00:02:29]} Qd7
{[%clk 00:55:16]} {[%emt 00:02:50]} 26. h4 {[%clk 00:38:48]} {[%emt 00:12:46]}
Kf8 {[%clk 00:51:20]} 27. Bh3 {[%clk 00:34:55]} {[%emt 00:04:10]} f5 {[%clk
00:49:49]} {[%emt 00:02:54]} 28. h5 {[%clk 00:33:28]} {[%emt 00:01:40]} Qd5
{[%clk 00:32:24]} {[%emt 00:17:53]} 29. Nd2 {[%clk 00:31:17]} {[%emt 00:02:40]}
Ng5 {[%clk 00:27:27]} {[%emt 00:04:53]} 30. Bg2 {[%clk 00:30:51]} {[%emt
00:00:59]} Qf7 {[%clk 00:24:36]} {[%emt 00:03:33]} 31. Qxf7+ {[%clk 00:28:20]}
{[%emt 00:02:43]} Kxf7 {[%clk 00:23:13]} {[%emt 00:02:02]} 32. hxg6+ {[%clk
00:28:36]} {[%emt 00:00:07]} Kxg6 {[%clk 00:23:12]} {[%emt 00:00:34]} 33. Nc4
{[%clk 00:28:19]} {[%emt 00:00:44]} e4 {[%clk 00:23:26]} {[%emt 00:00:17]} 34.
Bd2 {[%clk 00:27:51]} {[%emt 00:00:59]} Ne6 {[%clk 00:23:04]} {[%emt 00:00:46]}
35. Na5 {[%clk 00:26:25]} {[%emt 00:01:59]} Nd8 {[%clk 00:23:14]} {[%emt
00:00:51]} 36. g4 {[%clk 00:25:23]} {[%emt 00:01:17]} fxg4 {[%clk 00:08:35]}
{[%emt 00:14:54]} 37. Bxe4+ {[%clk 00:25:41]} {[%emt 00:00:22]} Kf7 {[%clk
00:04:52]} {[%emt 00:04:21]} 38. Bf5 {[%clk 00:25:22]} {[%emt 00:00:32]} g3
{[%clk 00:04:59]} {[%emt 00:00:24]} 39. fxg3 {[%clk 00:24:13]} {[%emt
00:01:34]} b6 {[%clk 00:04:49]} {[%emt 00:00:56]} 40. cxb6 {[%clk 00:22:26]}
{[%emt 00:02:02]} Bd4+ {[%clk 00:05:12]} {[%emt 00:00:20]} 41. Kg2 {[%clk
00:19:59]} {[%emt 00:02:45]} Bxb6 {[%clk 00:05:35]} {[%emt 00:00:08]} 42. Nc4
{[%clk 00:20:00]} {[%emt 00:01:10]} Bc7 {[%clk 00:04:38]} {[%emt 00:01:09]} 43.
Bc8 {[%clk 00:19:32]} {[%emt 00:00:30]} c5 {[%clk 00:02:16]} {[%emt 00:03:04]}
44. Bxa6 {[%clk 00:16:37]} {[%emt 00:03:33]} cxb4 {[%clk 00:02:35]} 45. Bxb4
{[%clk 00:16:38]} {[%emt 00:00:31]} Nf6 {[%clk 00:02:15]} {[%emt 00:01:03]} 46.
Bb5 {[%clk 00:15:20]} {[%emt 00:01:43]} Ne6 {[%clk 00:01:37]} {[%emt 00:00:50]}
47. Nd6+ {[%clk 00:14:28]} {[%emt 00:01:54]} Kg7 {[%clk 00:00:52]} {[%emt
00:02:10]} 48. Ne8+ {[%clk 00:14:01]} Nxe8 {[%clk 00:01:03]} {[%emt 00:00:04]}
49. Bxe8 {[%clk 00:14:23]} Bb6 {[%clk 00:01:12]} {[%emt 00:00:13]} 50. a5
{[%clk 00:13:50]} {[%emt 00:01:03]} Ba7 {[%clk 00:01:34]} {[%emt 00:00:33]} 51.
Bb5 {[%clk 00:13:55]} {[%emt 00:00:05]} Nd4 {[%clk 00:01:38]} {[%emt 00:00:23]}
52. Bd3 {[%clk 00:13:49]} {[%emt 00:00:41]} Nc6 {[%clk 00:01:35]} {[%emt
00:00:26]} 53. Bc3+ {[%clk 00:14:04]} {[%emt 00:00:16]} Kf8 {[%clk 00:01:40]}
{[%emt 00:00:24]} 54. Kf3 {[%clk 00:13:56]} {[%emt 00:00:50]} Ke7 {[%clk
00:01:50]} {[%emt 00:00:14]} 55. Kg4 {[%clk 00:12:58]} {[%emt 00:01:25]} Bb8
{[%clk 00:02:05]} {[%emt 00:00:15]} 56. a6 {[%clk 00:12:55]} {[%emt 00:01:05]}
Kd7 {[%clk 00:01:49]} {[%emt 00:00:19]} 57. Bb5 {[%clk 00:12:52]} {[%emt
00:00:47]} Kc7 {[%clk 00:02:06]} {[%emt 00:00:03]} 58. Bxc6 {[%clk 00:12:57]}
{[%emt 00:00:10]} Kxc6 {[%clk 00:02:30]} {[%emt 00:00:33]} 59. Bd4 {[%clk
00:13:16]} 1-0

[Event "Irwin/Haring/Denker/Barber/Rockefeller Championships 2021"]
[Site "Crowne Plaza Cherry Hill, United States"]
[Date "????.??.??"]
[Round "3.2"]
[White "Winslow, Elliott"]
[Black "Khmelnitsky, Igor"]
[Result "0-1"]
[TimeControl "G/90;+30"]
[WhiteTitle "IM"]
[BlackTitle "IM"]
[WhiteElo "2278"]
[BlackElo "2488"]

1. e4 {[%clk 01:26:11]} {[%emt 00:03:22]} d5 {[%clk 01:30:37]} 2. exd5 {[%clk
01:26:24]} Nf6 3. d4 {[%clk 01:26:22]} Nxd5 {[%clk 01:30:43]} 4. c4 {[%clk
01:25:00]} Nb6 {[%clk 01:30:26]} 5. Nf3 {[%clk 01:25:20]} Bg4 {[%clk 01:27:56]}
6. c5 {[%clk 01:22:11]} Bxf3 {[%clk 01:26:52]} 7. Qxf3 {[%clk 01:18:43]} Nd5
{[%clk 01:27:02]} 8. Bc4 {[%clk 01:17:06]} e6 {[%clk 01:21:21]} 9. O-O {[%clk
01:14:41]} Be7 {[%clk 01:16:10]} {[%emt 00:03:18]} 10. Nc3 {[%clk 01:11:07]}
{[%emt 00:04:03]} c6 {[%clk 01:14:34]} {[%emt 00:01:59]} 11. Be3 {[%clk
01:08:26]} {[%emt 00:03:51]} O-O {[%clk 01:09:52]} {[%emt 00:04:35]} 12. Rad1
{[%clk 01:05:54]} {[%emt 00:03:05]} Nd7 {[%clk 01:08:27]} {[%emt 00:01:48]} 13.
Rfe1 {[%clk 00:59:51]} {[%emt 00:06:32]} Re8 {[%clk 01:01:32]} {[%emt
00:07:26]} 14. Bc1 {[%clk 00:45:37]} {[%emt 00:14:44]} b6 {[%clk 00:56:00]}
{[%emt 00:06:01]} 15. cxb6 {[%clk 00:45:37]} {[%emt 00:00:54]} axb6 {[%clk
00:55:20]} {[%emt 00:00:47]} 16. Ne4 {[%clk 00:38:44]} {[%emt 00:07:20]} Ra5
{[%clk 00:46:05]} {[%emt 00:16:07]} 17. a3 {[%clk 00:32:57]} b5 {[%clk
00:41:01]} {[%emt 00:05:31]} 18. Bb3 {[%clk 00:32:19]} {[%emt 00:01:08]} b4
{[%clk 00:40:46]} {[%emt 00:00:46]} 19. axb4 {[%clk 00:31:39]} {[%emt
00:01:25]} Bxb4 {[%clk 00:39:27]} {[%emt 00:01:48]} 20. Re2 {[%clk 00:26:44]}
{[%emt 00:05:21]} Qb8 {[%clk 00:33:16]} {[%emt 00:06:56]} 21. Bc2 {[%clk
00:23:01]} {[%emt 00:03:57]} Be7 {[%clk 00:31:48]} {[%emt 00:02:04]} 22. Bd2
{[%clk 00:20:17]} {[%emt 00:03:01]} Rb5 {[%clk 00:29:29]} {[%emt 00:02:46]} 23.
Bc3 {[%clk 00:19:01]} {[%emt 00:02:22]} N7f6 {[%clk 00:27:00]} {[%emt
00:02:33]} 24. Ba4 {[%clk 00:16:58]} {[%emt 00:02:53]} Rb6 {[%clk 00:26:03]}
{[%emt 00:01:16]} 25. Nc5 {[%clk 00:15:56]} {[%emt 00:01:13]} Rc8 {[%clk
00:25:42]} {[%emt 00:00:50]} 26. g3 {[%clk 00:13:33]} {[%emt 00:02:58]} Nxc3
{[%clk 00:23:34]} {[%emt 00:03:04]} 27. Qxc3 {[%clk 00:13:26]} {[%emt
00:00:06]} Nd5 {[%clk 00:20:42]} {[%emt 00:03:22]} 28. Qc2 {[%clk 00:12:46]}
{[%emt 00:01:25]} Bxc5 {[%clk 00:20:14]} {[%emt 00:01:26]} 29. dxc5 {[%clk
00:12:30]} {[%emt 00:00:04]} Rb4 {[%clk 00:20:25]} {[%emt 00:00:20]} 30. b3
{[%clk 00:10:52]} {[%emt 00:02:09]} g6 {[%clk 00:19:02]} {[%emt 00:02:12]} 31.
h4 {[%clk 00:10:05]} {[%emt 00:00:55]} Qc7 {[%clk 00:17:07]} {[%emt 00:02:29]}
32. Rde1 {[%clk 00:09:36]} {[%emt 00:00:55]} Qe7 {[%clk 00:15:54]} {[%emt
00:02:01]} 33. Re4 {[%clk 00:09:24]} {[%emt 00:01:00]} Rxe4 {[%clk 00:11:44]}
{[%emt 00:05:26]} 34. Rxe4 {[%clk 00:09:19]} Qf6 {[%clk 00:12:04]} 35. Qd3
{[%clk 00:09:16]} Qc3 {[%clk 00:10:19]} {[%emt 00:02:11]} 36. Qa6 {[%clk
00:07:38]} {[%emt 00:02:11]} Ne7 {[%clk 00:09:40]} {[%emt 00:01:12]} 37. Rc4
{[%clk 00:07:11]} {[%emt 00:00:57]} Qe1+ {[%clk 00:09:35]} {[%emt 00:00:29]} 38.
Kg2 {[%clk 00:07:41]} Qe5 {[%clk 00:09:48]} {[%emt 00:00:23]} 39. Qb7 {[%clk
00:06:32]} {[%emt 00:01:33]} Kf8 {[%clk 00:09:38]} {[%emt 00:00:56]} 40. Qd7
{[%clk 00:06:01]} {[%emt 00:01:25]} Qd5+ {[%clk 00:07:38]} {[%emt 00:02:14]} 41.
Qxd5 {[%clk 00:06:30]} exd5 {[%clk 00:08:06]} 42. Rb4 {[%clk 00:06:06]} {[%emt
00:00:34]} Rc7 {[%clk 00:06:42]} {[%emt 00:02:03]} 43. Kf1 {[%clk 00:06:28]}
{[%emt 00:00:06]} Nf5 {[%clk 00:06:32]} {[%emt 00:00:32]} 44. Ke2 {[%clk
00:06:08]} {[%emt 00:02:46]} Ng7 {[%clk 00:06:11]} 45. Rb6 {[%clk 00:06:12]}
Ne6 {[%clk 00:06:36]} 46. Rxc6 {[%clk 00:06:16]} Nd4+ {[%clk 00:06:18]} {[%emt
00:00:40]} 47. Rb6 {[%emt 00:02:04]} 0-1

[Event "Irwin/Haring/Denker/Barber/Rockefeller Championships 2021"]
[Site "Crowne Plaza Cherry Hill, United States"]
[Date "????.??.??"]
[Round "3.3"]
[White "Ferreiro, Roberto Alvarez"]
[Black "Ginsburg, Mark"]
[Result "1/2-1/2"]
[TimeControl "G/90;+30"]
[WhiteTitle "FM"]
[BlackTitle "IM"]
[WhiteElo "2407"]
[BlackElo "2373"]

1. e4 {[%clk 01:30:30]} c5 {[%clk 01:27:36]} {[%emt 00:10:37]} 2. d4 {[%clk
01:31:28]} cxd4 {[%clk 01:27:56]} 3. c3 {[%clk 01:31:55]} dxc3 {[%clk
01:28:16]} 4. Nxc3 {[%clk 01:32:14]} Nc6 {[%clk 01:28:39]} 5. Bc4 {[%clk
01:32:32]} d6 {[%clk 01:29:06]} {[%emt 00:01:37]} 6. Nf3 {[%clk 01:32:51]} a6
{[%clk 01:29:34]} 7. O-O {[%clk 01:32:39]} Nf6 {[%clk 01:29:57]} 8. h3 {[%clk
01:30:59]} e6 {[%clk 01:28:25]} 9. Qe2 {[%clk 01:31:08]} Be7 {[%clk 01:28:40]}
10. Rd1 {[%clk 01:31:10]} e5 {[%clk 01:17:26]} 11. b4 {[%clk 01:27:05]} O-O
{[%clk 01:17:30]} 12. a4 {[%clk 01:22:23]} Be6 {[%clk 01:06:08]} 13. Ba3 {[%clk
01:21:13]} Rc8 {[%clk 01:01:08]} {[%emt 00:04:51]} 14. Nd5 {[%clk 01:06:59]}
{[%emt 00:14:21]} 1/2-1/2

[Event "Irwin/Haring/Denker/Barber/Rockefeller Championships 2021"]
[Site "Crowne Plaza Cherry Hill, United States"]
[Date "????.??.??"]
[Round "3.4"]
[White "Peng, Shunkai"]
[Black "Liang, Awonder"]
[Result "1/2-1/2"]
[TimeControl "G/90;+30"]
[WhiteTitle "FM"]
[BlackTitle "GM"]
[WhiteElo "2411"]
[BlackElo "2674"]

1. e4 {[%clk 01:30:20]} c6 {[%clk 01:22:19]} 2. d4 {[%clk 01:30:21]} d5 {[%clk
01:22:39]} 3. Nc3 {[%clk 01:30:04]} dxe4 {[%clk 01:23:03]} 4. Nxe4 {[%clk
01:30:26]} Bf5 {[%clk 01:23:28]} 5. Ng3 {[%clk 01:30:25]} Bg6 {[%clk 01:23:51]}
6. h4 {[%clk 01:30:23]} h6 {[%clk 01:24:16]} 7. Nf3 {[%clk 01:30:05]} Nd7
{[%clk 01:24:38]} 8. h5 {[%clk 01:29:50]} Bh7 {[%clk 01:25:07]} 9. Bd3 {[%clk
01:29:37]} Bxd3 {[%clk 01:25:28]} 10. Qxd3 {[%clk 01:30:00]} e6 {[%clk
01:25:51]} 11. Bd2 {[%clk 01:27:51]} Ngf6 {[%clk 01:26:11]} 12. O-O-O {[%clk
01:27:11]} Bd6 {[%clk 01:26:36]} 13. Ne4 {[%clk 01:21:09]} Nxe4 {[%clk
01:26:29]} 14. Qxe4 {[%clk 01:21:32]} Nf6 {[%clk 01:26:53]} 15. Qe2 {[%clk
01:18:18]} Bc7 {[%clk 01:27:15]} 16. c4 {[%clk 01:01:55]} {[%emt 00:04:47]} b5
{[%clk 01:26:40]} {[%emt 00:01:06]} 17. Kb1 {[%clk 00:57:04]} {[%emt 00:05:39]}
bxc4 {[%clk 01:21:08]} {[%emt 00:05:33]} 18. Qxc4 {[%clk 00:54:59]} {[%emt
00:02:42]} O-O {[%clk 01:21:24]} {[%emt 00:00:09]} 19. g4 {[%clk 00:37:14]}
{[%emt 00:18:35]} Ne4 {[%clk 01:04:28]} {[%emt 00:17:13]} 20. Be3 {[%clk
00:34:07]} {[%emt 00:03:28]} Qd5 {[%clk 01:04:50]} {[%emt 00:00:11]} 21. Rc1
{[%clk 00:32:19]} {[%emt 00:02:36]} Bb6 {[%clk 00:55:45]} {[%emt 00:11:16]} 22.
Qxc6 {[%clk 00:30:57]} Rad8 {[%clk 00:56:07]} 23. Rhg1 {[%clk 00:27:09]} {[%emt
00:04:19]} Kh7 {[%clk 00:53:09]} {[%emt 00:03:26]} 24. Qxd5 {[%clk 00:21:14]}
{[%emt 00:07:18]} Rxd5 {[%clk 00:53:36]} 25. Rc6 {[%clk 00:21:34]} Nd6 {[%clk
00:41:47]} {[%emt 00:12:15]} 26. a4 {[%clk 00:09:11]} {[%emt 00:12:18]} f6
{[%clk 00:31:55]} {[%emt 00:10:36]} 27. Re1 {[%clk 00:08:07]} {[%emt 00:02:17]}
Kg8 {[%clk 00:30:49]} {[%emt 00:00:37]} 28. Bd2 {[%clk 00:06:09]} {[%emt
00:02:58]} Kf7 {[%clk 00:25:22]} {[%emt 00:05:30]} 29. Bb4 {[%clk 00:06:23]}
{[%emt 00:00:29]} Rd8 {[%clk 00:25:02]} {[%emt 00:01:00]} 30. Bc5 {[%clk
00:06:24]} {[%emt 00:00:05]} Nc4 {[%clk 00:18:52]} {[%emt 00:06:40]} 31. Rcxe6
{[%clk 00:03:26]} {[%emt 00:03:28]} Bxc5 {[%clk 00:18:35]} {[%emt 00:00:42]} 32.
dxc5 {[%clk 00:03:54]} {[%emt 00:00:15]} R8d7 {[%clk 00:18:57]} {[%emt
00:00:11]} 33. R6e4 {[%clk 00:03:23]} {[%emt 00:00:45]} Rxc5 {[%clk 00:18:50]}
{[%emt 00:00:37]} 34. Rc1 {[%clk 00:02:58]} {[%emt 00:01:34]} Rdc7 {[%clk
00:18:02]} {[%emt 00:01:00]} 35. Rc3 {[%clk 00:02:53]} {[%emt 00:00:29]} Nd6
{[%clk 00:17:59]} {[%emt 00:00:41]} 36. Rxc5 {[%clk 00:03:07]} 1/2-1/2

[Event "Irwin/Haring/Denker/Barber/Rockefeller Championships 2021"]
[Site "Crowne Plaza Cherry Hill, United States"]
[Date "????.??.??"]
[Round "3.5"]
[White "Chen, Justin"]
[Black "Shlyakhtenko, Robert"]
[Result "1/2-1/2"]
[TimeControl "G/90;+30"]
[WhiteTitle "FM"]
[BlackTitle "FM"]
[WhiteElo "2390"]
[BlackElo "2469"]

1. d4 {[%clk 01:30:22]} d5 {[%clk 01:30:50]} 2. c4 {[%clk 01:30:47]} dxc4
{[%clk 01:31:15]} {[%emt 00:02:11]} 3. Nf3 {[%clk 01:31:06]} Nf6 {[%clk
01:31:36]} 4. e3 {[%clk 01:31:31]} e6 {[%clk 01:31:54]} 5. Bxc4 {[%clk
01:31:56]} a6 {[%clk 01:32:09]} 6. Bd3 {[%clk 01:31:37]} c5 {[%clk 01:32:26]} 7.
O-O {[%clk 01:31:32]} Nbd7 {[%clk 01:32:47]} 8. Nc3 {[%clk 01:30:27]} b5 {[%clk
01:32:57]} 9. Qe2 {[%clk 01:22:46]} Bb7 {[%clk 01:31:36]} 10. Rd1 {[%clk
01:22:22]} Qb8 {[%clk 01:30:50]} 11. e4 {[%clk 01:07:02]} cxd4 {[%clk
01:29:50]} 12. Nxd4 {[%clk 01:07:21]} Bd6 {[%clk 01:30:09]} 13. Nf3 {[%clk
01:04:21]} O-O {[%clk 01:29:55]} 14. Bg5 {[%clk 01:03:10]} {[%emt 00:01:56]}
Ng4 {[%clk 01:26:10]} {[%emt 00:03:44]} 15. h3 {[%clk 01:01:40]} {[%emt
00:02:01]} Nge5 {[%clk 01:26:26]} {[%emt 00:00:12]} 16. Nxe5 {[%clk 00:58:59]}
{[%emt 00:03:35]} Nxe5 {[%clk 01:26:48]} 17. Rac1 {[%clk 00:57:32]} {[%emt
00:01:48]} h6 {[%clk 01:25:44]} {[%emt 00:01:29]} 18. Be3 {[%clk 00:56:13]}
{[%emt 00:01:48]} Rd8 {[%clk 01:25:04]} {[%emt 00:01:13]} 19. a3 {[%clk
00:53:11]} {[%emt 00:04:11]} Nxd3 {[%clk 01:21:27]} {[%emt 00:03:44]} 20. Rxd3
{[%clk 00:53:36]} Bh2+ {[%clk 01:21:47]} 21. Kh1 {[%clk 00:50:35]} {[%emt
00:03:43]} Rxd3 {[%clk 01:21:54]} {[%emt 00:00:16]} 22. Qxd3 {[%clk 00:51:03]}
{[%emt 00:00:03]} Be5 {[%clk 01:22:14]} {[%emt 00:00:14]} 23. Kg1 {[%clk
00:48:36]} {[%emt 00:03:38]} Qe8 {[%clk 01:17:09]} {[%emt 00:04:46]} 24. Rd1
{[%clk 00:47:54]} {[%emt 00:01:05]} Rc8 {[%clk 01:15:26]} {[%emt 00:02:18]} 25.
Bd4 {[%clk 00:45:37]} {[%emt 00:02:41]} Rd8 {[%clk 01:13:34]} {[%emt 00:02:26]}
26. Qe3 {[%clk 00:44:59]} {[%emt 00:01:24]} Bc7 {[%clk 01:13:01]} {[%emt
00:00:44]} 27. Bb6 {[%clk 00:36:42]} {[%emt 00:09:08]} Rxd1+ {[%clk 01:11:37]}
{[%emt 00:01:31]} 28. Nxd1 {[%clk 00:37:08]} {[%emt 00:00:32]} Qd8 {[%clk
01:10:00]} {[%emt 00:01:39]} 29. Bxc7 {[%clk 00:37:35]} {[%emt 00:00:23]} Qxd1+
{[%clk 01:10:20]} 30. Kh2 {[%clk 00:38:04]} Qc2 {[%clk 01:10:42]} {[%emt
00:00:08]} 31. Be5 {[%clk 00:27:24]} {[%emt 00:13:36]} Bxe4 {[%clk 01:10:27]}
32. Bc3 {[%clk 00:26:46]} f6 {[%clk 01:08:17]} {[%emt 00:02:58]} 33. Qd2 {[%clk
00:26:11]} {[%emt 00:00:09]} e5 {[%clk 01:05:03]} {[%emt 00:03:39]} 34. Qxc2
{[%clk 00:25:28]} {[%emt 00:01:24]} Bxc2 {[%clk 01:05:32]} 35. Kg3 {[%clk
00:25:22]} {[%emt 00:00:59]} Kf7 {[%clk 01:05:58]} 36. f4 {[%clk 00:24:34]}
{[%emt 00:00:50]} e4 {[%clk 01:02:14]} {[%emt 00:04:20]} 37. f5 {[%clk
00:24:01]} {[%emt 00:01:09]} Bd3 {[%clk 01:01:51]} {[%emt 00:00:41]} 38. Kf2
{[%clk 00:23:00]} {[%emt 00:01:50]} h5 {[%clk 01:02:02]} {[%emt 00:00:03]} 39.
h4 {[%clk 00:23:13]} {[%emt 00:00:16]} g6 {[%clk 00:59:18]} {[%emt 00:03:47]}
40. fxg6+ {[%clk 00:23:37]} Kxg6 {[%clk 00:59:43]} 41. Ke3 {[%clk 00:23:59]}
Kf5 {[%clk 01:00:09]} 42. g3 {[%clk 00:24:02]} {[%emt 00:00:15]} Ke6 {[%clk
00:59:25]} {[%emt 00:01:32]} 43. Bd4 {[%clk 00:23:57]} {[%emt 00:00:25]} Bc2
{[%clk 00:58:45]} {[%emt 00:01:02]} 44. Bc3 {[%clk 00:24:21]} {[%emt 00:00:37]}
f5 {[%clk 00:59:01]} {[%emt 00:00:11]} 45. Kd4 {[%clk 00:24:35]} Bd1 {[%clk
00:59:13]} {[%emt 00:00:32]} 46. Bd2 {[%clk 00:24:59]} Kd6 {[%clk 00:59:17]}
{[%emt 00:00:23]} 47. Bf4+ {[%clk 00:25:19]} Kc6 {[%clk 00:59:43]} 48. Be3
{[%clk 00:25:43]} {[%emt 00:00:16]} Be2 {[%clk 00:59:56]} {[%emt 00:00:04]} 49.
Bd2 {[%clk 00:26:03]} {[%emt 00:00:48]} Kb6 {[%clk 01:00:18]} 50. Ke3 {[%clk
00:26:27]} Bg4 {[%clk 01:00:41]} 51. Kd4 {[%clk 00:26:53]} a5 {[%clk 01:01:05]}
52. Be1 {[%clk 00:27:16]} Bd1 {[%clk 01:00:13]} {[%emt 00:01:19]} 53. Bd2
{[%clk 00:27:28]} {[%emt 00:00:44]} Bg4 {[%clk 01:00:08]} {[%emt 00:00:08]} 54.
Be1 {[%clk 00:27:50]} {[%emt 00:00:33]} 1/2-1/2

[Event "Irwin/Haring/Denker/Barber/Rockefeller Championships 2021"]
[Site "Crowne Plaza Cherry Hill, United States"]
[Date "????.??.??"]
[Round "3.6"]
[White "Yan, Ruiyang"]
[Black "Hoesley, Aria"]
[Result "1-0"]
[TimeControl "G/90;+30"]
[WhiteTitle "WCM"]
[WhiteElo "2245"]
[BlackElo "2077"]

1. e4 {[%clk 01:30:51]} {[%emt 00:10:41]} g6 {[%clk 01:30:57]} 2. d4 {[%clk
01:31:13]} Bg7 {[%clk 01:31:16]} 3. Nf3 {[%clk 01:31:33]} d6 {[%clk 01:31:38]}
4. Bc4 {[%clk 01:31:46]} Nf6 {[%clk 01:31:35]} 5. Qe2 {[%clk 01:31:48]} O-O
{[%clk 01:31:46]} 6. O-O {[%clk 01:31:59]} Bg4 {[%clk 01:31:50]} 7. Rd1 {[%clk
01:15:24]} c6 {[%clk 01:26:00]} 8. Bb3 {[%clk 01:09:32]} Qc7 {[%clk 01:17:07]}
{[%emt 00:04:47]} 9. h3 {[%clk 01:06:18]} {[%emt 00:03:31]} Bxf3 {[%clk
01:16:46]} {[%emt 00:00:54]} 10. Qxf3 {[%clk 01:06:42]} {[%emt 00:00:16]} Nbd7
{[%clk 01:13:19]} {[%emt 00:03:41]} 11. Nc3 {[%clk 00:51:56]} {[%emt 00:15:15]}
h6 {[%clk 01:10:07]} {[%emt 00:03:42]} 12. Be3 {[%clk 00:46:33]} {[%emt
00:06:45]} e5 {[%clk 01:04:06]} {[%emt 00:05:39]} 13. dxe5 {[%clk 00:46:36]}
{[%emt 00:00:33]} dxe5 {[%clk 01:04:08]} {[%emt 00:01:01]} 14. a4 {[%clk
00:46:25]} {[%emt 00:00:04]} a5 {[%clk 01:03:36]} {[%emt 00:01:15]} 15. Rd2
{[%clk 00:44:11]} {[%emt 00:02:44]} Rad8 {[%clk 00:53:16]} {[%emt 00:10:35]} 16.
Rad1 {[%clk 00:44:04]} {[%emt 00:00:41]} b6 {[%clk 00:45:46]} {[%emt 00:07:57]}
17. Bc4 {[%clk 00:42:03]} {[%emt 00:10:59]} Kh7 {[%clk 00:42:34]} 18. h4 {[%clk
00:37:47]} Nc5 {[%clk 00:18:57]} {[%emt 00:24:08]} 19. Rxd8 {[%clk 00:34:43]}
{[%emt 00:03:32]} Rxd8 {[%clk 00:19:14]} {[%emt 00:00:21]} 20. Rxd8 {[%clk
00:35:07]} {[%emt 00:00:42]} Qxd8 {[%clk 00:19:38]} 21. Bxf7 {[%clk 00:35:21]}
Qe7 {[%clk 00:18:26]} {[%emt 00:01:40]} 22. Ba2 {[%clk 00:29:43]} {[%emt
00:06:10]} h5 {[%clk 00:17:34]} {[%emt 00:01:43]} 23. Bg5 {[%clk 00:23:57]}
{[%emt 00:05:33]} Qd6 {[%clk 00:17:32]} {[%emt 00:00:36]} 24. g3 {[%clk
00:22:00]} {[%emt 00:02:23]} Ng4 {[%clk 00:16:02]} {[%emt 00:02:00]} 25. Qf7
{[%clk 00:21:23]} {[%emt 00:01:15]} Qf8 {[%clk 00:16:22]} {[%emt 00:00:29]} 26.
Qxf8 {[%clk 00:21:15]} {[%emt 00:00:12]} Bxf8 {[%clk 00:16:50]} {[%emt
00:00:58]} 27. f3 {[%clk 00:18:43]} {[%emt 00:02:05]} Nh6 {[%clk 00:17:09]}
{[%emt 00:00:39]} 28. Kf1 {[%clk 00:18:59]} Nb7 {[%clk 00:16:45]} {[%emt
00:00:46]} 29. Be6 {[%clk 00:17:51]} {[%emt 00:01:31]} Bb4 {[%clk 00:16:32]}
{[%emt 00:00:52]} 30. Bd7 {[%clk 00:16:47]} {[%emt 00:01:35]} Bxc3 {[%clk
00:15:42]} {[%emt 00:01:30]} 31. bxc3 {[%clk 00:17:16]} Nf7 {[%clk 00:14:23]}
{[%emt 00:02:09]} 32. Be3 {[%clk 00:16:39]} {[%emt 00:00:49]} c5 {[%clk
00:14:06]} {[%emt 00:00:44]} 33. Be6 {[%clk 00:15:29]} {[%emt 00:01:54]} Kg7
{[%clk 00:13:35]} {[%emt 00:00:28]} 34. c4 {[%clk 00:14:40]} {[%emt 00:01:59]}
Kf6 {[%clk 00:12:45]} {[%emt 00:00:43]} 35. Bd5 {[%clk 00:15:06]} {[%emt
00:00:07]} Nbd6 {[%clk 00:10:46]} {[%emt 00:02:37]} 36. f4 {[%clk 00:13:57]}
{[%emt 00:01:27]} Ke7 {[%clk 00:09:42]} {[%emt 00:01:49]} 37. Ke2 {[%clk
00:14:15]} Ne8 {[%clk 00:05:12]} {[%emt 00:04:54]} 38. Bd2 {[%clk 00:12:06]}
{[%emt 00:02:39]} Nf6 {[%clk 00:04:36]} {[%emt 00:01:06]} 39. Bc3 {[%clk
00:11:42]} {[%emt 00:01:31]} Ng4 {[%clk 00:04:02]} {[%emt 00:00:27]} 40. Bxf7
{[%clk 00:11:48]} {[%emt 00:00:44]} Kxf7 {[%clk 00:04:25]} 41. Bxe5 {[%clk
00:12:15]} {[%emt 00:00:10]} Nxe5 {[%clk 00:04:21]} {[%emt 00:00:39]} 42. fxe5
{[%clk 00:12:41]} Ke6 {[%clk 00:04:43]} 43. Kf3 {[%clk 00:13:07]} Kxe5 {[%clk
00:05:00]} {[%emt 00:00:08]} 44. Ke3 {[%clk 00:13:34]} Ke6 {[%clk 00:05:04]}
{[%emt 00:00:24]} 45. Kf4 {[%clk 00:13:59]} {[%emt 00:00:08]} Kf6 {[%clk
00:05:30]} {[%emt 00:00:06]} 46. e5+ {[%clk 00:14:24]} {[%emt 00:00:18]} Ke6
{[%clk 00:05:54]} 47. Ke4 {[%emt 00:00:28]} 1-0